000 00480nam a22001697a 4500
008 131113b xxu||||| |||| 00| 0 ger d
020 _a3701504075
041 0 _ager
080 _a339.138
_x(510)
100 1 _aKrott, Martin F.
245 1 0 _aMarkt-Macht China :
_cMartin F. Krott
260 _aWien :
_bVerlag Orac ;
_c1999.
300 _a205 f. :
_c22cm.
500 _aEinleitung : f. 7
650 _aMarketingu.
_zKina
942 _2udc
_cBK
999 _c300
_d300